Применение имитационного моделирования при оценке эффективности физической защиты; Физико-технические проблемы в науке, промышленности и медицине

Manylion Llyfryddiaeth
Parent link:Физико-технические проблемы в науке, промышленности и медицине.— 2017.— [С. 38]
Prif Awdur: Шевелева А. А.
Awdur Corfforaethol: Национальный исследовательский Томский политехнический университет (ТПУ)
Awduron Eraill: Степанов Б. П. Борис Павлович
Crynodeb:Заглавие с экрана
Iaith:Rwseg
Cyhoeddwyd: 2017
Cyfres:Международный и национальный опыт в совершенствовании культуры безопасности ядерных объектов
Pynciau:
Mynediad Ar-lein:http://earchive.tpu.ru/handle/11683/43132
Fformat: Electronig Pennod Llyfr
KOHA link:https://koha.lib.tpu.ru/cgi-bin/koha/opac-detail.pl?biblionumber=623880

MARC

LEADER 00000naa2a2200000 4500
001 623880
005 20240209085716.0
035 |a (RuTPU)RU\TPU\conf\22994 
035 |a RU\TPU\conf\22993 
090 |a 623880 
100 |a 20171004d2017 k y0rusy50 ca 
101 0 |a rus 
102 |a RU 
105 |a y z 101zy 
135 |a drcn ---uucaa 
181 0 |a i  
182 0 |a b 
200 1 |a Применение имитационного моделирования при оценке эффективности физической защиты  |f А. А. Шевелева, Б. П. Степанов 
203 |a Текст  |c электронный 
225 1 |a Международный и национальный опыт в совершенствовании культуры безопасности ядерных объектов 
300 |a Заглавие с экрана 
320 |a [Библиогр.: с. 38 (2 назв.)] 
463 0 |0 (RuTPU)RU\TPU\conf\22967  |t Физико-технические проблемы в науке, промышленности и медицине  |o сборник тезисов докладов IX Международной научно-практической конференции, г. Томск, 21-22 сентября 2017 г.  |f Национальный исследовательский Томский политехнический университет (ТПУ) ; под ред. С. А. Байдали [и др.]  |v [С. 38]  |d 2017 
610 1 |a труды учёных ТПУ 
610 1 |a электронный ресурс 
610 1 |a системы физической защиты 
610 1 |a ядерные объекты 
610 1 |a программное обеспечение 
610 1 |a моделирование 
610 1 |a безопасность 
700 1 |a Шевелева  |b А. А. 
701 1 |a Степанов  |b Б. П.  |c специалист в области атомной энергетики  |c доцент Томского политехнического университета, кандидат технических наук  |f 1960-  |g Борис Павлович  |3 (RuTPU)RU\TPU\pers\29389  |9 13970 
712 0 2 |a Национальный исследовательский Томский политехнический университет (ТПУ)  |c (2009- )  |3 (RuTPU)RU\TPU\col\15902 
801 2 |a RU  |b 63413507  |c 20171006  |g RCR 
856 4 |u http://earchive.tpu.ru/handle/11683/43132 
942 |c BK